<?xml version="1.0" encoding="UTF-8"?><?xml-stylesheet type="text/xsl" href="static/style.xsl"?><OAI-PMH xmlns="http://www.openarchives.org/OAI/2.0/" xmlns:xsi="http://www.w3.org/2001/XMLSchema-instance" xsi:schemaLocation="http://www.openarchives.org/OAI/2.0/ http://www.openarchives.org/OAI/2.0/OAI-PMH.xsd"><responseDate>2026-04-14T03:38:12Z</responseDate><request verb="GetRecord" identifier="oai:www.recercat.cat:20.500.14342/3390" metadataPrefix="marc">https://recercat.cat/oai/request</request><GetRecord><record><header><identifier>oai:recercat.cat:20.500.14342/3390</identifier><datestamp>2025-03-25T04:07:06Z</datestamp><setSpec>com_2072_482405</setSpec><setSpec>com_2072_183628</setSpec><setSpec>col_2072_482415</setSpec></header><metadata><record xmlns="http://www.loc.gov/MARC21/slim" xmlns:dcterms="http://purl.org/dc/terms/" xmlns:xsi="http://www.w3.org/2001/XMLSchema-instance" xmlns:doc="http://www.lyncode.com/xoai" xsi:schemaLocation="http://www.loc.gov/MARC21/slim http://www.loc.gov/standards/marcxml/schema/MARC21slim.xsd">
   <leader>00925njm 22002777a 4500</leader>
   <datafield ind2=" " ind1=" " tag="042">
      <subfield code="a">dc</subfield>
   </datafield>
   <datafield ind2=" " ind1=" " tag="720">
      <subfield code="a">Duran, Jaume</subfield>
      <subfield code="e">author</subfield>
   </datafield>
   <datafield ind2=" " ind1=" " tag="720">
      <subfield code="a">Villagrasa, Sergi</subfield>
      <subfield code="e">author</subfield>
   </datafield>
   <datafield ind2=" " ind1=" " tag="720">
      <subfield code="a">Fonseca, David</subfield>
      <subfield code="e">author</subfield>
   </datafield>
   <datafield ind2=" " ind1=" " tag="260">
      <subfield code="c">2009</subfield>
   </datafield>
   <datafield ind2=" " ind1=" " tag="520">
      <subfield code="a">Desde hace unos años, la industria cinematográfica tiene muy claro que cierto tipo de propuestas, además de los ingresos que generan a través del merchandising o de su posterior edición en home video, atraen a los niños a las salas de exhibición. Pero también, obviamente, a sus acompañantes, los adultos, para con quien también sustentan, por lo general, algún tipo de discurso, aunque sea en forma de guiño u homenaje. El cine de animación por ordenador, sin lugar a dudas, es un claro ejemplo de ello. La relación que muchos de sus filmes mantiene con lo que podríamos denominar ciertos filmes convencionales de gran popularidad, o con determinados géneros cinematográficos, se hace patente desde sus comienzos. Y éstos tienen su origen en los Pixar Animation Studios, con la creación del primer largometraje generado íntegramente por ordenador: Toy Story (1995), de John Lasseter. El estudio de este film y los filmes o géneros que directa o indirectamente trata, los referentes cinematográficos, en definitiva, que ha tenido en cuenta, pueden dar algunas pistas sobre las imágenes que muchos espectadores con anterioridad han retenido en la mente.</subfield>
   </datafield>
   <datafield ind1="8" ind2=" " tag="024">
      <subfield code="a">http://hdl.handle.net/20.500.14342/3390</subfield>
   </datafield>
   <datafield tag="653" ind2=" " ind1=" ">
      <subfield code="a">Cinematografia</subfield>
   </datafield>
   <datafield tag="653" ind2=" " ind1=" ">
      <subfield code="a">Animació per ordinador</subfield>
   </datafield>
   <datafield tag="653" ind2=" " ind1=" ">
      <subfield code="a">Animació (Cinematografia)</subfield>
   </datafield>
   <datafield ind2="0" ind1="0" tag="245">
      <subfield code="a">Imágenes en la Mente: Los Referentes Cinematográficos en la Animación por Ordenador</subfield>
   </datafield>
</record></metadata></record></GetRecord></OAI-PMH>